| 000 | 00813nam a2200217Ii 4500 | ||
|---|---|---|---|
| 003 | JO-AjNU | ||
| 005 | 20240113102602.0 | ||
| 008 | 230605s9999||||xx |||||||||||||| ||und|| | ||
| 040 |
_aJO-AjNU _bara _erda _cJO-AjNU |
||
| 041 | _aara | ||
| 050 | 1 | 4 | _aBP155.H5 |
| 100 | 3 |
_a تاليف ابي النجا، شرف الدين موسى الحجاوي المقدسي ؛ تصحيح و تعليق عبداللطيف محمد موسىالسبكي, _eauthor _943457 |
|
| 245 | 0 | 0 | _aالاقناع في فقه الامام احمد بن حنبل، الجزء 2 |
| 264 | 3 | 1 | _aبيروت: دار المعرفة، 1900 |
| 300 | _aم2، ج2، 410ص | ||
| 336 |
_atext _btxt _2rdacontent |
||
| 337 |
_aunmediated _bn _2rdamedia |
||
| 338 |
_avolume _bnc _2rdacarrier |
||
| 650 | 4 |
_a فقه حنبلي _943458 |
|
| 942 |
_2lcc _cREF |
||
| 999 |
_c22252 _d22252 |
||